Statistics for Greatest Footballers of All Time

Click here to take the quiz!

General Stats

  • This quiz has been taken 1,188 times
  • The average score is 29 of 40

Answer Stats

Answer% Correct
Pelé
100%
Cristiano Ronaldo
99%
Lionel Messi
99%
Ronaldo
99%
Diego Maradona
98%
Zinedine Zidane
96%
Johan Cruyff
93%
David Beckham
92%
Ronaldinho
92%
Thierry Henry
92%
Gareth Bale
90%
Wayne Rooney
90%
Zlatan Ibrahimović
90%
Mohamed Salah
89%
George Best
88%
Kevin De Bruyne
87%
Gianluigi Buffon
86%
Steven Gerrard
83%
Eusébio
79%
Ryan Giggs
79%
Xavi
77%
Franz Beckenbauer
76%
Ferenc Puskás
73%
Lev Yashin
71%
Bobby Charlton
68%
Michel Platini
68%
Bobby Moore
67%
Marco van Basten
65%
Dennis Bergkamp
62%
Alfredo Di Stéfano
61%
Kenny Dalglish
60%
Gary Lineker
58%
Michael Owen
55%
Lothar Matthäus
51%
Franco Baresi
46%
Jürgen Klinsmann
37%
Paul Gascoigne
30%
Denis Law
25%
Bryan Robson
18%
Tom Finney
5%

Score Distribution

Percentile by Number Answered

Percent of People with Each Score

Your Score History

You have not taken this quiz